00562nam a2200193Ia 4500003000400000005001700004008004100021040000700062041000800069082001300077100002700090245004700117260002000164300000900184650003000193942001300223999001900236952011300255OSt20251203095626.0250729s1995 xx 000 0 und d cAL aeng a320 PANP aPantham Thomas9225402 aPolitical theories & social reconstruction aNew Delhic1995 a230p aPolitical Science9225403 2ddccBED c236893d236893 00104070aALbALd2025-07-29eManagement Booksl0o320 PANPpBED02212r2025-07-29 16:55:13w2025-07-29yBK